Normal view MARC view

Entry Personal Name

Number of records used in: 1

001 - CONTROL NUMBER

  • control field: 623973

003 - CONTROL NUMBER IDENTIFIER

  • control field: OSt

005 - DATE AND TIME OF LATEST TRANSACTION

  • control field: 20221005105903.0

008 - FIXED-LENGTH DATA ELEMENTS

  • fixed length control field: 221005|| aca||aabn | a|a d

040 ## - CATALOGING SOURCE

  • Original cataloging agency: OSt
  • Transcribing agency: OSt

100 ## - HEADING--PERSONAL NAME

  • Personal name: माहापात्र, सिद्धार्थ मानसिंह, अनु

670 ## - SOURCE DATA FOUND

  • Source citation: Work cat.: (OSt)1017200: साहू, महापात्र नीलमणि, अभिशप्त गंधर्व, 1992
Copyright @ Delhi University Library System